Normal view MARC view

Entry Personal Name

Number of records used in: 1

001 - CONTROL NUMBER

  • control field: 9683

003 - CONTROL NUMBER IDENTIFIER

  • control field: DLC

005 - DATE AND TIME OF LATEST TRANSACTION

  • control field: 20231006125600.0

008 - FIXED-LENGTH DATA ELEMENTS

  • fixed length control field: 800826n| azannaabn |a aaa

010 ## - LIBRARY OF CONGRESS CONTROL NUMBER

  • LC control number: n 50051357

016 ## - NATIONAL BIBLIOGRAPHIC AGENCY CONTROL NUMBER

  • Record control number: 0056D7791E

024 7# - OTHER STANDARD IDENTIFIER

  • Standard number or code: 0000000123213998
  • Source of number or code: isni

035 ## - SYSTEM CONTROL NUMBER

  • System control number: (OCoLC)oca00086300

040 ## - CATALOGING SOURCE

  • Original cataloging agency: DLC
  • Language of cataloging: eng
  • Description conventions: rda
  • Transcribing agency: DLC
  • Modifying agency: DLC
  • Modifying agency: OCoLC
  • Modifying agency: DLC
  • Modifying agency: CoU
  • Modifying agency: DLC
  • Modifying agency: CaOONL
  • Modifying agency: NL-AmU
  • Modifying agency: DLC
  • Modifying agency: OCoLC

042 ## - AUTHENTICATION CODE

  • Authentication code: nlc

046 ## - SPECIAL CODED DATES

  • Birth date: 1920
  • Death date: 1977
  • Source of date scheme: edtf

053 #0 - LC CLASSIFICATION NUMBER

  • Classification number element--single number or beginning number of span: PQ9697.L585

100 1# - HEADING--PERSONAL NAME

  • Personal name: Lispector, Clarice

370 ## - ASSOCIATED PLACE

  • Place of birth: Tchetchelnik (Ukraine)
  • Place of death: Rio de Janeiro (Brazil)

377 ## - ASSOCIATED LANGUAGE

  • Language code: por

400 1# - SEE FROM TRACING--PERSONAL NAME

  • Personal name: Quadros, Tereza,
  • Dates associated with a name: 1920-1977

400 1# - SEE FROM TRACING--PERSONAL NAME

  • Personal name: Palmer, Helen,
  • Dates associated with a name: 1920-1977

400 1# - SEE FROM TRACING--PERSONAL NAME

  • Personal name: Soares, Ilka,
  • Dates associated with a name: 1920-1977

400 1# - SEE FROM TRACING--PERSONAL NAME

  • Personal name: קלאריס, ליספקטור

400 1# - SEE FROM TRACING--PERSONAL NAME

  • Personal name: Lispeḳṭor, Ḳlʼaris

670 ## - SOURCE DATA FOUND

  • Source citation: Her O lustre, romance, 1946.

670 ## - SOURCE DATA FOUND

  • Source citation: Borelli, O. Clarice Lispector, c1981:
  • Information found: t.p. (Clarice Lispector) verso t.p., CIP (Lispector, Clarice, 1924-1977)

670 ## - SOURCE DATA FOUND

  • Source citation: Fitz, E.E. Clarice Lispector, c1985:
  • Information found: CIP galley (b. Tchetchelnik, Ukraine, USSR, 12/10/25; precise date of birth in doubt; d. 12/9/77 in Rio de Janeiro)

670 ## - SOURCE DATA FOUND

  • Source citation: Varin, C. Clarice Lispector, 1987:
  • Information found: p. 237 (b. 12-10-20, Tchetchelnik, Ukraine; d. 10-9-77)

670 ## - SOURCE DATA FOUND

  • Source citation: Clarice, 1993:
  • Information found: p. 21 (b. 10-10-20)

670 ## - SOURCE DATA FOUND

  • Source citation: Só para mulheres, c2006:
  • Information found: t.p. (Clarice Lispector) p. 159 (Braz. CIP hdg.: Lispector, Clarice, 1920-1977) cover p. 4 (Clarice Lispector writes under the pseudonyms Tereza Quadros in the Brazilian newspaper Comício; Helen Palmer in Correio da manhã, and Ilka Soares in Diário da noite between 1952 and 1960 [no headings in OCLC])

670 ## - SOURCE DATA FOUND

  • Source citation: The chandelier, 2018:
  • Information found: CIP t.p. (Clarice Lispector) data view ("Clarice Lispector (1920-1977), the greatest Brazilian writer of the twentieth century, has been called "astounding" (Rachel Kushner), "a penetrating genius" (Donna Seaman, Booklist), and "a truly remarkable writer" (Jonathan Franzen). "Her images dazzle even when her meaning is most obscure," noted the Times Literary Supplement, "and when she is writing of what she despises, she is lucidity itself")

670 ## - SOURCE DATA FOUND

  • Source citation: Lomedet li-ḥeyot, 2021:
  • Information found: title page ( קלאריס ליספקטור = Ḳlʼaris Lispeḳṭor) title page (KIaris Lispektor [in rom.])

Powered by Koha